000 00602nam a2200217Ia 4500
008 101110s9999 xx 000 0 und d
041 _aMARATHI
082 _bJR6010
100 _aThatte Chinmay
245 _aDurdwani te bhramandhawni arthat telephone te mobile
260 _c2008
_bGranthali prakashan,Mumbai
300 _a51
365 _b60
520 _aMarathi
546 _aMARATHI
630 _aDurdwani te bhramandhawni arthat telephone te mobile
650 _aMarathi
655 _aMarathi
730 _aDurdwani te bhramandhawni arthat telephone te mobile
942 _cBOOK
999 _c796803
_d796800